000 00527nam a2200181Ia 4500
001 15979
005 20260306170235.0
008 260306t2023||||xx |||||||||||||| ||und||
041 _aESP
082 _a346.52
_bA77
100 _aArrigo, Tommaso,
_eAUT
245 0 _aEl resarcimiento del daño por muerte y por lesiones personales :
_bfórmulas interpretativas y técnicas de tutela de los familiares
260 _c2023
300 _a527 páginas :
_c25 cm.
650 _aGEN
654 _aCDE
942 _cLIB
_dJUS
_fJUS
_2ddc
_n
999 _c15979
_d15979